Statistics for Title in the Lyrics Quiz #10

Click here to take the quiz!

General Stats

  • This quiz has been taken 13,610 times
  • The average score is 9 of 16

Answer Stats

Song Lyric % Correct
My {Milkshake} brings all the boys to the yard / And they're like "it's better than yours"
80%
Now I gotta cut loose, {Footloose} / Kick off those Sunday shoes
78%
{Feliz} {Navidad} / Prospero Año y Felicidad / I want to wish you a merry Christmas
72%
You would not believe your eyes / If ten million {Fireflies} / Lit up the world as I fell asleep
67%
I'm in this big *** coat / from the {Thrift} {Shop} down the road / I wear your granddad's clothes
65%
{Dancing} {Queen}, young and sweet, only seventeen / {Dancing} {Queen}, feel the beat from the tambourine
64%
{Let} {It} {Go} / Turn away and slam the door! / I don't care what they're going to say / Let the storm rage on
62%
I'm so {Fancy}, you already know / I'm in the fast lane, from L.A. to Tokyo
60%
Well, it's one for the money / Two for the show / Three to get ready / Now go, cat, go /
But don't you step on my {Blue} {Suede} {Shoes}
60%
I've been through the desert on {A} {Horse} {With} {No} {Name} / It felt good to be out of the rain
51%
But don't tell my heart, my {Achy} {Breaky} {Heart} / I just don't think he'd understand
51%
So {Wake} {Me} {Up} when it's all over / When I'm wiser and I'm older
48%
{O} {Canada}! Our home and native land! True patriot love in all thy sons command
46%
The sun may rise in the east / At least it settles in a final location / It's understood that Hollywood /
sells {Californication}
37%
Ow, she's a {Brick} {House} / She's mighty mighty, just lettin' it all hang out
29%
Well, don't you know that other kids are starving in Japan / So {Eat} {It}, just {Eat} {It}
25%

Score Distribution

Percentile by Number Answered

Percent of People with Each Score

Your Score History

You have not taken this quiz